[Event "HUN-chT2 Szechenyi 0304"]
[Site "Hungary"]
[Date "2003.10.05"]
[Round "2"]
[White "Toth Gergye, Geza"]
[Black "Rako, Istvan"]
[Result "1/2-1/2"]
[WhiteElo "2228"]
[BlackElo "2197"]
[PlyCount "32"]
[EventDate "2003.09.28"]
[EventType "team"]
[EventRounds "11"]
[EventCountry "HUN"]
[SourceTitle "EXT 2009"]
[Source "ChessBase"]
[SourceDate "2008.11.26"]
[SourceVersion "1"]
[SourceVersionDate "2008.11.26"]
[SourceQuality "1"]
[WhiteTeam "Zala Volan"]
[BlackTeam "Flesch"]
[WhiteTeamCountry "HUN"]
[BlackTeamCountry "HUN"]

1. e4 e5 2. Nf3 Nc6 3. Bb5 Nd4 4. Nxd4 exd4 5. 0-0 Bc5 6. c3 Qf6 7. b4 Bb6 8. Bb2 Ne7 9. Qe2 dxc3 10. Nxc3 0-0 11. e5 Qf4 12. Ne4 Nf5 13. g3 Qh6 14. Qg4 d5 15. Nf6+ Kh8 16. Nd7 Ne7 1/2-1/2

[Event "HUN-chT2 Szechenyi 0203"]
[Site "Hungary"]
[Date "2003.03.02"]
[Round "8"]
[White "Jonas, Zsolt"]
[Black "Toth Gergye, Geza"]
[Result "0-1"]
[WhiteElo "2139"]
[BlackElo "2207"]
[PlyCount "98"]
[EventDate "2002.09.22"]
[EventType "team"]
[EventRounds "11"]
[EventCountry "HUN"]
[SourceTitle "EXT 2009"]
[Source "ChessBase"]
[SourceDate "2008.11.26"]
[SourceVersion "1"]
[SourceVersionDate "2008.11.26"]
[SourceQuality "1"]

1. e4 c5 2. Nf3 Nc6 3. d4 cxd4 4. Nxd4 d6 5. Nc3 g6 6. Be3 Bg7 7. Bc4 Nf6 8. f3 Bd7 9. Qd2 a6 10. g4 Rc8 11. Bb3 Ne5 12. h4 Qa5 13. h5 Nc4 14. Bxc4 Rxc4 15. h6 Bf8 16. Nb3 Qd8 17. g5 Nh5 18. Nd5 Be6 19. Nb6 Rc6 20. Qd4 Rg8 21. c4 Bc8 22. Na5 Rc5 23. b4 Qxb6 24. Qc3 Qc7 25. bxc5 dxc5 26. 0-0-0 f5 27. Nb3 b6 28. Rhe1 f4 29. Bf2 e6 30. e5 Be7 31. Bh4 Bd7 32. Nd2 Ba4 33. Ne4 Bxd1 34. Rxd1 Kf7 35. Nf6 Bxf6 36. gxf6 Rd8 37. Rd3 Ng3 38. Qd2 Rxd3 39. Qxd3 Nf5 40. Bg5 Nd4 41. Qe4 Qc6 42. Kd1 Qxe4 43. fxe4 f3 44. Be3 Nc6 45. Bf4 Na5 46. Ke1 Nxc4 47. Kf2 g5 48. Bg3 Nd2 49. Bh2 g4 0-1

[Event "HUN-chT2 Szechenyi 0203"]
[Site "Hungary"]
[Date "2003.01.19"]
[Round "5"]
[White "Toth Gergye, Geza"]
[Black "Istvandi, Lajos"]
[Result "1/2-1/2"]
[WhiteElo "2207"]
[BlackElo "2288"]
[PlyCount "56"]
[EventDate "2002.09.22"]
[EventType "team"]
[EventRounds "11"]
[EventCountry "HUN"]
[SourceTitle "EXT 2009"]
[Source "ChessBase"]
[SourceDate "2008.11.26"]
[SourceVersion "1"]
[SourceVersionDate "2008.11.26"]
[SourceQuality "1"]

1. Nf3 Nf6 2. Nc3 d5 3. d4 g6 4. h3 Bg7 5. Bf4 0-0 6. e3 Nbd7 7. Nb5 Ne8 8. c4 dxc4 9. Bxc4 Nd6 10. Be2 Nxb5 11. Bxb5 c5 12. 0-0 cxd4 13. exd4 Qb6 14. Qe2 Nf6 15. Be5 Be6 16. b3 Rac8 17. Bc4 Rfd8 18. Rfe1 Bd5 19. Bxd5 Nxd5 20. Bxg7 Kxg7 21. Rac1 Rc6 22. Rc4 Re6 23. Qd2 Rxe1+ 24. Qxe1 Rd6 25. Rc5 Qd8 26. Qe4 b6 27. Rc4 Re6 28. Ne5 b5 1/2-1/2

[Event "HUN-chT2 Szechenyi 0203"]
[Site "Hungary"]
[Date "2002.12.08"]
[Round "4"]
[White "Elo, Istvan"]
[Black "Toth Gergye, Geza"]
[Result "0-1"]
[WhiteElo "2108"]
[BlackElo "2207"]
[PlyCount "94"]
[EventDate "2002.09.22"]
[EventType "team"]
[EventRounds "11"]
[EventCountry "HUN"]
[SourceTitle "EXT 2009"]
[Source "ChessBase"]
[SourceDate "2008.11.26"]
[SourceVersion "1"]
[SourceVersionDate "2008.11.26"]
[SourceQuality "1"]

1. e4 c5 2. Nc3 Nc6 3. g3 Nf6 4. Bg2 e6 5. d3 d5 6. exd5 Nxd5 7. Nge2 Be7 8. 0-0 Nxc3 9. Nxc3 0-0 10. Be3 Nd4 11. f4 Bd7 12. Rb1 Bc6 13. Bxc6 Nxc6 14. f5 Nd4 15. fxe6 Nxe6 16. Qg4 Bf6 17. Nd5 Qxd5 18. Rxf6 Qxa2 19. Rbf1 Qxb2 20. R6f2 Qe5 21. Bh6 f5 22. Bf4 Nxf4 23. Qxf4 Qxf4 24. Rxf4 g6 25. d4 cxd4 26. Rxd4 Rf7 27. Rb1 Rc8 28. c4 Rc5 29. Kf2 Re7 30. Kf3 Kf7 31. h4 h6 32. Rb5 Rce5 33. Rxe5 Rxe5 34. Rd7+ Re7 35. Rd6 Rc7 36. h5 gxh5 37. Rxh6 Kg7 38. Rxh5 Kf6 39. Rh4 Ke5 40. Rf4 Rg7 41. c5 Rg4 42. Rxg4 fxg4+ 43. Kxg4 a5 44. Kh5 a4 45. g4 a3 46. g5 a2 47. g6 Kf6 0-1

[Event "HUN-chT2 Szechenyi 0203"]
[Site "Hungary"]
[Date "2002.11.24"]
[Round "3"]
[White "Toth Gergye, Geza"]
[Black "Tomasic, Roland"]
[Result "1-0"]
[WhiteElo "2207"]
[BlackElo "2048"]
[PlyCount "105"]
[EventDate "2002.09.22"]
[EventType "team"]
[EventRounds "11"]
[EventCountry "HUN"]
[SourceTitle "EXT 2009"]
[Source "ChessBase"]
[SourceDate "2008.11.26"]
[SourceVersion "1"]
[SourceVersionDate "2008.11.26"]
[SourceQuality "1"]

1. c4 f5 2. d4 Nf6 3. Nc3 d6 4. g3 c6 5. Bg2 Na6 6. e4 fxe4 7. Nxe4 Bf5 8. Qe2 Nxe4 9. Bxe4 Bxe4 10. Qxe4 d5 11. cxd5 Qxd5 12. Qxd5 cxd5 13. Bf4 Nb4 14. Kd2 Rc8 15. a3 Nc6 16. Ne2 Na5 17. Kd3 Nb3 18. Rae1 Rc4 19. Be5 Kd7 20. Nf4 Kc6 21. h4 Rg8 22. h5 g5 23. hxg6 hxg6 24. Rh8 Rxh8 25. Bxh8 Nc1+ 26. Kd2 Nb3+ 27. Kd1 Rc1+ 28. Ke2 Bh6 29. Nxg6 e6 30. Ne5+ Kb5 31. Rxc1 Nxc1+ 32. Kd1 Nb3 33. Ng4 Bg5 34. Kc2 Ka4 35. f4 Bd8 36. Nf2 Bb6 37. Kc3 Ba5+ 38. Kd3 Nc1+ 39. Ke3 Be1 40. g4 Bxf2+ 41. Kxf2 Nd3+ 42. Kg3 Nxb2 43. g5 Nc4 44. f5 exf5 45. Be5 Nb6 46. Bd6 Nc4 47. Be7 Ne3 48. Kf4 Ng2+ 49. Kg3 Ne3 50. g6 Ng4 51. Bg5 Kxa3 52. g7 b5 53. g8Q 1-0

[Event "HUN-chT3 0102"]
[Site "Hungary"]
[Date "2002.01.27"]
[Round "6.2"]
[White "Toth Gergye, Geza"]
[Black "Nagy, Bence"]
[Result "1-0"]
[WhiteElo "2207"]
[BlackElo "2161"]
[PlyCount "99"]
[EventDate "2001.09.30"]
[EventType "team"]
[EventRounds "11"]
[EventCountry "HUN"]
[SourceTitle "EXT 2004"]
[Source "ChessBase"]
[SourceDate "2003.11.25"]
[SourceVersion "1"]
[SourceVersionDate "2003.11.25"]
[SourceQuality "1"]

1. e4 c5 2. Nf3 d6 3. d4 cxd4 4. Nxd4 Nf6 5. Nc3 a6 6. Bc4 e6 7. a4 Be7 8. 0-0 Qc7 9. Bb3 Nc6 10. Nxc6 bxc6 11. a5 0-0 12. Bf4 e5 13. Bg5 Be6 14. Bxe6 fxe6 15. Be3 Qb7 16. Bb6 c5 17. Qe2 Nd7 18. Na4 Rf4 19. f3 Raf8 20. c4 Nb8 21. Nc3 Nc6 22. Qd3 Qc8 23. Rab1 R4f6 24. Rf2 Rh6 25. Nd1 Qe8 26. Ne3 Qh5 27. Ng4 Rg6 28. Bc7 Nd4 29. b4 cxb4 30. Rxb4 Qh4 31. Rb8 Rxb8 32. Bxb8 h5 33. Ne3 Qf4 34. Nf1 h4 35. h3 Rf6 36. Ba7 Rf8 37. Rb2 Rc8 38. Rb8 Rxb8 39. Bxb8 Qf8 40. Ba7 Nc6 41. Bb6 Bd8 42. c5 dxc5 43. Qd7 Bxb6 44. axb6 Nb8 45. Qxe6+ Kh8 46. b7 a5 47. Ne3 a4 48. Nf5 a3 49. Ne7 Qd8 50. Qc8 1-0

[Event "HUN-chT3 0102"]
[Site "Hungary"]
[Date "2002.01.13"]
[Round "5.2"]
[White "Kiss, Judit"]
[Black "Toth Gergye, Geza"]
[Result "0-1"]
[WhiteElo "2169"]
[BlackElo "2207"]
[PlyCount "96"]
[EventDate "2001.09.30"]
[EventType "team"]
[EventRounds "11"]
[EventCountry "HUN"]
[SourceTitle "EXT 2004"]
[Source "ChessBase"]
[SourceDate "2003.11.25"]
[SourceVersion "1"]
[SourceVersionDate "2003.11.25"]
[SourceQuality "1"]

1. e4 c5 2. Nf3 d6 3. d4 cxd4 4. Nxd4 g6 5. c4 Bg7 6. Nc3 Nc6 7. Be3 Nf6 8. Be2 0-0 9. 0-0 a6 10. Rc1 Bd7 11. f3 Rc8 12. Nd5 Nxd5 13. exd5 Nxd4 14. Bxd4 Bxd4+ 15. Qxd4 Qa5 16. a3 e5 17. dxe6 Bxe6 18. Rfd1 Rc6 19. Qe3 Rfc8 20. b4 Qc7 21. Qd4 b5 22. f4 bxc4 23. Bf3 d5 24. f5 gxf5 25. Rc3 Qb6 26. Bxd5 Rd8 27. Qxb6 Rxb6 28. Bf3 Rxd1+ 29. Bxd1 Kg7 30. Be2 Kf6 31. Kf2 f4 32. g3 Ke5 33. gxf4+ Kd4 34. Rc1 Rc6 35. Bf3 Rc7 36. Ke2 Bf5 37. Rg1 Kc3 38. Rg5 Bd3+ 39. Ke3 f6 40. Rc5 Re7+ 41. Kf2 Kd2 42. Bd5 c3 43. Bb3 Re4 44. Kf3 Rd4 45. Kg4 Bc2 46. Bxc2 Kxc2 47. Rc6 Kb3 48. Kf5 c2 0-1

[Event "HUN-chT2 9900"]
[Site "Hungary"]
[Date "2000.02.13"]
[Round "7"]
[White "Horvath, Andras"]
[Black "Toth Gergye, Geza"]
[Result "1-0"]
[WhiteElo "2250"]
[BlackElo "2206"]
[PlyCount "147"]
[EventDate "1999.09.26"]
[EventType "team"]
[EventRounds "11"]
[EventCountry "HUN"]
[SourceTitle "EXT 2002"]
[Source "ChessBase"]
[SourceDate "2001.11.25"]
[SourceVersion "1"]
[SourceVersionDate "2001.11.25"]
[SourceQuality "1"]

1. e4 c5 2. Nf3 Nc6 3. d4 cxd4 4. Nxd4 d6 5. Nc3 Nf6 6. Be2 g6 7. 0-0 Bg7 8. Nb3 0-0 9. Re1 Ne5 10. Bf1 Qc7 11. Nd5 Nxd5 12. exd5 Ng4 13. c3 Be5 14. g3 Qb6 15. Qe2 Kg7 16. h3 Nh6 17. Be3 Qc7 18. g4 g5 19. Bxg5 Ng8 20. Be3 Kh8 21. f4 Bg7 22. Qf2 Nf6 23. Bd4 Rg8 24. Bg2 Ne8 25. Re2 a5 26. Rae1 e6 27. dxe6 fxe6 28. f5 a4 29. Nd2 Bxd4 30. Qxd4+ e5 31. Qc4 Qb6+ 32. Kh1 Rf8 33. Ne4 Bd7 34. Qb4 Qxb4 35. cxb4 a3 36. b3 Ra6 37. Rd2 Bc6 38. Rc1 Rb6 39. Kg1 Bxe4 40. Bxe4 Rxb4 41. Rc4 Rb6 42. Ra4 Nf6 43. Bd5 Nxd5 44. Rxd5 Rc8 45. Rxa3 Kg7 46. Kg2 Kf6 47. Ra4 h5 48. Rd2 hxg4 49. hxg4 Kg5 50. Re4 Rc3 51. Rf2 Rbc6 52. Rb4 Rc7 53. Rb6 R3c6 54. Rxc6 bxc6 55. f6 Rf7 56. a4 e4 57. Kg3 d5 58. Rf5+ Kg6 59. Kf4 Kh6 60. a5 Kh7 61. g5 Kg6 62. a6 e3 63. Re5 d4 64. Ke4 e2 65. Kxd4 Rd7+ 66. Kc3 Rd5 67. Rxe2 Ra5 68. Rf2 Rc5+ 69. Kb4 Rb5+ 70. Ka4 Rb8 71. f7 Rf8 72. Ka5 Kxg5 73. Kb6 Kg6 74. Kb7 1-0

[Event "HUN-chT2 9900"]
[Site "Hungary"]
[Date "1999.10.17"]
[Round "3"]
[White "Toth Gergye, Geza"]
[Black "Schroter, Tamas"]
[Result "1/2-1/2"]
[WhiteElo "2206"]
[BlackElo "2258"]
[PlyCount "92"]
[EventDate "1999.09.26"]
[EventType "team"]
[EventRounds "11"]
[EventCountry "HUN"]
[SourceTitle "EXT 2002"]
[Source "ChessBase"]
[SourceDate "2001.11.25"]
[SourceVersion "1"]
[SourceVersionDate "2001.11.25"]
[SourceQuality "1"]

1. e4 d5 2. exd5 Nf6 3. Nf3 Nxd5 4. d4 g6 5. Be2 Bg7 6. c4 Nb6 7. 0-0 0-0 8. a4 Nc6 9. a5 Nd7 10. Ra4 e5 11. d5 Ne7 12. b4 c5 13. Ba3 b6 14. axb6 Qxb6 15. bxc5 Nxc5 16. Rb4 Qd8 17. Rb5 Ne4 18. d6 Nf5 19. Qd5 Nexd6 20. Bxd6 Be6 21. Bxf8 Bxd5 22. Bxg7 Bxc4 23. Bxc4 Kxg7 24. Nxe5 Qc7 25. Bd5 Rb8 26. Rxb8 Qxb8 27. Nc4 Qb5 28. Rd1 Ne7 29. Nba3 Qc5 30. Bf3 Nf5 31. g3 h5 32. h4 Nd4 33. Bg2 a5 34. Rd2 a4 35. Kf1 f6 36. Bh1 g5 37. hxg5 fxg5 38. Be4 h4 39. Kg2 Kf6 40. Rb2 Nb3 41. Re2 Na5 42. Rc2 hxg3 43. fxg3 Nxc4 44. Nxc4 a3 45. Nxa3 Qxa3 46. Rf2+ Kg7 1/2-1/2

[Event "HUN-chT2 9899"]
[Site "Hungary"]
[Date "1999.??.??"]
[Round "?"]
[White "Oltean, Gusztav"]
[Black "Toth Gergye, Geza"]
[Result "1/2-1/2"]
[WhiteElo "2250"]
[BlackElo "2225"]
[PlyCount "156"]
[EventDate "1998.??.??"]
[EventType "team"]
[EventRounds "12"]
[EventCountry "HUN"]
[SourceTitle "EXT 2000"]
[Source "ChessBase"]
[SourceDate "1999.11.16"]
[SourceVersion "1"]
[SourceVersionDate "1999.11.16"]
[SourceQuality "1"]

1. c4 e5 2. Nc3 Nf6 3. d3 Bb4 4. Bd2 0-0 5. a3 Bxc3 6. Bxc3 Nc6 7. e4 d6 8. Ne2 Bg4 9. h3 Bh5 10. g4 Bg6 11. Ng3 Nd7 12. h4 f6 13. h5 Bf7 14. Nf5 Re8 15. Be2 Nf8 16. Bd2 Ne6 17. Be3 a6 18. Qd2 b5 19. Rg1 Ng5 20. Bxg5 fxg5 21. Rc1 bxc4 22. dxc4 Be6 23. h6 Bxf5 24. gxf5 Nd4 25. Rxg5 g6 26. fxg6 hxg6 27. Rxg6+ Kh8 28. Rc3 Qh4 29. Qg5 Qxg5 30. Rxg5 Re6 31. Rh3 a5 32. c5 Rf6 33. h7 Raf8 34. f3 Ne6 35. Rg8+ Rxg8 36. hxg8N+ Kxg8 37. cxd6 cxd6 38. Bc4 Kg7 39. Rg3+ Kf8 40. Bxe6 Rxe6 41. Ke2 Rh6 42. Kd3 Rh2 43. Kc3 Re2 44. Rh3 Ke7 45. Rh7+ Ke6 46. Ra7 Re3+ 47. Kd2 Rb3 48. Kc2 Rxf3 49. Rxa5 Kd7 50. Ra4 Kc6 51. Rc4+ Kb5 52. b3 Rf2+ 53. Kc3 Rf3+ 54. Kb2 Rf2+ 55. Rc2 Rf1 56. a4+ Kb6 57. Ka3 Re1 58. Rc4 Ra1+ 59. Kb4 Ra2 60. Rc3 Ra1 61. Rd3 Re1 62. Rxd6+ Kc7 63. Rh6 Rxe4+ 64. Kc5 Rg4 65. Rh7+ Kc8 66. a5 e4 67. Re7 Rg5+ 68. Kb4 Rg4 69. Ka3 Kd8 70. Re5 Kc7 71. b4 Kd6 72. Re8 Kd7 73. Rh8 e3 74. Rh2 Re4 75. Re2 Kc6 76. Ka4 Re5 77. Rc2+ Kb7 78. Re2 Ka6 1/2-1/2

[Event "HUN-chT2 9899"]
[Site "Hungary"]
[Date "1999.??.??"]
[Round "?"]
[White "Veress, Robert"]
[Black "Toth Gergye, Geza"]
[Result "1/2-1/2"]
[WhiteElo "2305"]
[BlackElo "2225"]
[PlyCount "21"]
[EventDate "1998.??.??"]
[EventType "team"]
[EventRounds "12"]
[EventCountry "HUN"]
[SourceTitle "EXT 2000"]
[Source "ChessBase"]
[SourceDate "1999.11.16"]
[SourceVersion "1"]
[SourceVersionDate "1999.11.16"]
[SourceQuality "1"]

1. e4 c5 2. Nc3 d6 3. g3 Nc6 4. Bg2 g6 5. d3 Bg7 6. Be3 Rb8 7. Qd2 b5 8. f4 Nd4 9. Nd1 b4 10. h3 Bd7 11. Nf3 1/2-1/2

[Event "HUN-chT2 9798"]
[Site "Hungary"]
[Date "1998.??.??"]
[Round "?"]
[White "Francsics, Endre"]
[Black "Toth Gergye, Geza"]
[Result "1/2-1/2"]
[WhiteElo "2235"]
[BlackElo "2195"]
[PlyCount "112"]
[EventDate "1997.??.??"]
[EventType "team"]
[EventRounds "11"]
[EventCountry "HUN"]
[SourceTitle "EXT 1999"]
[Source "ChessBase"]
[SourceDate "1998.11.16"]
[SourceVersion "1"]
[SourceVersionDate "1998.11.16"]
[SourceQuality "1"]

1. d3 d5 2. Nf3 g6 3. c3 Bg7 4. Nbd2 b6 5. a4 a5 6. e4 Bb7 7. exd5 Qxd5 8. Nc4 Nd7 9. Be2 e5 10. Rg1 Rd8 11. Be3 Qe6 12. Qb3 h6 13. g4 Bd5 14. Nfd2 Ngf6 15. f3 Qc6 16. Qb5 Qxb5 17. axb5 Be6 18. Ne4 Nd5 19. Bd2 Bf8 20. Ne3 Nf4 21. Nc2 Nxe2 22. Kxe2 f5 23. gxf5 gxf5 24. Nf2 Nc5 25. Rae1 Kf7 26. d4 Nb3 27. Na3 Nxd2 28. Kxd2 exd4 29. Nd3 dxc3+ 30. Kxc3 Kf6 31. Nc4 Bxc4 32. Kxc4 Bd6 33. Rg2 Rhg8 34. Rge2 Rg6 35. f4 Rg4 36. Re6+ Kg7 37. h3 Rh4 38. R1e3 Bxf4 39. Re7+ Kg6 40. Nxf4+ Rxf4+ 41. Kc3 Rd5 42. R3e6+ Kh5 43. Rxc7 Rxb5 44. Rh7 Rf3+ 45. Kc4 Rfb3 46. Rexh6+ Kg5 47. Rh5+ Kf4 48. Rxf5+ Rxf5 49. Kxb3 Kg5 50. Ka4 Rf4+ 51. Ka3 Rb4 52. Rc7 Kh4 53. Rc3 b5 54. b3 Rf4 55. Rc5 a4 56. Rxb5 axb3 1/2-1/2

[Event "HUN-chT2 9899"]
[Site "Hungary"]
[Date "1998.??.??"]
[Round "?"]
[White "Toth Gergye, Geza"]
[Black "Bognar, Csaba"]
[Result "1-0"]
[WhiteElo "2225"]
[BlackElo "2150"]
[PlyCount "83"]
[EventDate "1998.??.??"]
[EventType "team"]
[EventRounds "12"]
[EventCountry "HUN"]
[SourceTitle "EXT 2000"]
[Source "ChessBase"]
[SourceDate "1999.11.16"]
[SourceVersion "1"]
[SourceVersionDate "1999.11.16"]
[SourceQuality "1"]

1. e4 d6 2. d4 Nf6 3. Bd3 g6 4. h3 Bg7 5. Bg5 0-0 6. Nf3 Nbd7 7. Nbd2 e5 8. dxe5 dxe5 9. Nc4 h6 10. Be3 Qe7 11. Qd2 Kh7 12. 0-0 Re8 13. b4 Nh5 14. Nh2 Nf4 15. Rab1 Nxd3 16. cxd3 Nf6 17. Rfc1 Rd8 18. Qc2 b6 19. a4 Ne8 20. Nf3 Nd6 21. Nxd6 cxd6 22. a5 bxa5 23. bxa5 Ba6 24. Nd2 Rac8 25. Qb3 f5 26. f3 Bf6 27. Bf2 Bg5 28. Rxc8 Rxc8 29. Nf1 f4 30. Qd5 Rc7 31. Rb8 Bc8 32. Nd2 Be6 33. Qb5 Bd7 34. Qb3 Be6 35. Nc4 Bxc4 36. dxc4 Qf7 37. a6 Bf6 38. Rb7 Bg7 39. Bxa7 Qxc4 40. Qxc4 Rxc4 41. Bf2 Rc1+ 42. Kh2 1-0

[Event "HUN-chT2 9899"]
[Site "Hungary"]
[Date "1998.??.??"]
[Round "?"]
[White "Toth Gergye, Geza"]
[Black "Dovzik, Juri"]
[Result "0-1"]
[WhiteElo "2225"]
[BlackElo "2375"]
[PlyCount "84"]
[EventDate "1998.??.??"]
[EventType "team"]
[EventRounds "12"]
[EventCountry "HUN"]
[SourceTitle "EXT 2000"]
[Source "ChessBase"]
[SourceDate "1999.11.16"]
[SourceVersion "1"]
[SourceVersionDate "1999.11.16"]
[SourceQuality "1"]

1. e4 c5 2. Nf3 e6 3. d4 cxd4 4. Nxd4 Nc6 5. c4 Nf6 6. Nxc6 bxc6 7. Nc3 Bb4 8. Bd3 e5 9. Bd2 0-0 10. 0-0 d6 11. Qf3 h6 12. a3 Bc5 13. b4 Bd4 14. h3 a5 15. b5 cxb5 16. cxb5 a4 17. Ra2 Be6 18. Nd5 Nd7 19. Be3 Rc8 20. Qg3 Bxd5 21. exd5 Qf6 22. Bxd4 exd4 23. Rc2 Rc5 24. Qg4 Rd8 25. Qe4 g6 26. Rfc1 Rxc2 27. Bxc2 Rc8 28. Rd1 Nb6 29. Bd3 Kf8 30. Bf1 Rc3 31. Rxd4 Rxa3 32. Rd3 Ra1 33. Qe3 Nd7 34. Qxh6+ Kg8 35. Qd2 Rb1 36. Ra3 Nc5 37. Qe3 Kg7 38. f3 Qb2 39. Qc3+ Qxc3 40. Rxc3 Nb3 41. Kf2 a3 42. b6 a2 0-1

[Event "HUN-chT2 9798"]
[Site "Hungary"]
[Date "1997.??.??"]
[Round "?"]
[White "Kadar, Gabor"]
[Black "Toth Gergye, Geza"]
[Result "1-0"]
[WhiteElo "2230"]
[BlackElo "2195"]
[PlyCount "74"]
[EventDate "1997.??.??"]
[EventType "team"]
[EventRounds "11"]
[EventCountry "HUN"]
[SourceTitle "EXT 1999"]
[Source "ChessBase"]
[SourceDate "1998.11.16"]
[SourceVersion "1"]
[SourceVersionDate "1998.11.16"]
[SourceQuality "1"]

1. e4 c5 2. Nf3 Nc6 3. d3 g6 4. g3 Bg7 5. Bg2 d6 6. 0-0 e6 7. Nh4 Nge7 8. f4 c4 9. Nc3 Qb6+ 10. Kh1 cxd3 11. Qxd3 Nb4 12. Qd2 0-0 13. a3 Nbc6 14. Ne2 f5 15. exf5 gxf5 16. Rb1 d5 17. c3 Na5 18. Qd3 Bd7 19. Be3 Qb5 20. Qd1 Qb3 21. Qe1 Qc4 22. Bd4 Nec6 23. Bxg7 Kxg7 24. b4 Nb3 25. Qd1 Ne7 26. Rxb3 Ba4 27. Qd4+ Qxd4 28. Nxd4 Bxb3 29. Nxb3 Rac8 30. Nc5 Rc6 31. Re1 Rf6 32. c4 b6 33. cxd5 Nxd5 34. Nd7 Rh6 35. Bxd5 Rd6 36. Nxf5+ exf5 37. Re7+ Kg6 1-0

[Event "HUN-chT2"]
[Site "Hungary"]
[Date "1997.??.??"]
[Round "8"]
[White "Toth Gergye, Geza"]
[Black "Varga, Csaba"]
[Result "1-0"]
[WhiteElo "2195"]
[BlackElo "2175"]
[PlyCount "79"]
[EventDate "1997.??.??"]
[EventType "team-swiss"]
[EventRounds "13"]
[EventCountry "HUN"]
[SourceTitle "EXT 2006"]
[Source "ChessBase"]
[SourceDate "2005.11.24"]
[SourceVersion "1"]
[SourceVersionDate "2005.11.24"]
[SourceQuality "1"]

1. e4 c5 2. Nf3 d6 3. d4 cxd4 4. Nxd4 Nf6 5. Nc3 g6 6. f3 Qb6 7. Qd3 a6 8. Be2 Bg7 9. Nb3 Nc6 10. Be3 Qc7 11. 0-0 0-0 12. Qd2 b5 13. a4 b4 14. Na2 Rb8 15. Nd4 Nxd4 16. Bxd4 a5 17. c3 b3 18. Nc1 e5 19. Bf2 Be6 20. Ra3 d5 21. Nxb3 dxe4 22. Nc5 Rfd8 23. Qc2 Bf8 24. Nxe6 fxe6 25. Rb3 exf3 26. Bxf3 Bc5 27. Rxb8 Rxb8 28. Re1 Nd7 29. Bg4 Rb6 30. Kh1 Bxf2 31. Qxf2 Qc5 32. Qc2 Kf7 33. Qd3 Qc6 34. Rf1+ Ke7 35. Qh3 h5 36. Qh4+ Kd6 37. Bf3 Qc5 38. Qd8 e4 39. Rd1+ Ke5 40. Qg5# 1-0